Kultúra podnikania v podmienkach trhovej ekonomiky

Gespeichert in:
Bibliographische Detailangaben
1. Verfasser: Daňková, Alena
Weitere Verfasser: Mihalčová, Bohuslava, 1963-, Hvastová, Jozefína, 1969-
Format: Buchkapitel
Sprache:Slowakisch
Tags: Tag hinzufügen
Keine Tags, Fügen Sie das erste Tag hinzu!

MARC

LEADER 00000naa$a2200000$$$4500
001 0107739
005 20240502072204.8
041 0 |a slo 
044 |a SK 
245 1 0 |a Kultúra podnikania v podmienkach trhovej ekonomiky  |c Alena Daňková, Bohuslava Mihalčová, Jozefína Hvastová 
100 1 |a Daňková, Alena 
700 1 |a Mihalčová, Bohuslava, 1963- 
700 1 |a Hvastová, Jozefína, 1969-